000 00688nam a2200217 i 4500
001 37363
003 ES-MaACL
005 20230906155547.0
007 t|
008 030220s1943 mx ||||1| spa d
100 1 _aButler, Rohan D'Olier.
_932950
245 1 0 _aRaices ideológicas del Nacional-Socialismo /
_cRohan D'Olier Butler ; versión española de Rodolfo Selke.
250 _a[1ª ed. española].
260 _aMéxico :
_bFondo de Cultura Económica,
_c[1943]
300 _a373 p. ;
_c22 cm.
490 1 _aCuestiones del dia
700 1 _aSelke, Rodolfo.
_9105316
830 0 _aCuestiones del dia
_9186983
852 _aES-MaACL
_jD-5976
_bR.30268
999 _c37363
_d37363